000 00316nam a22001097a 4500
003 NUST
082 _a891.4393,MAN
100 _aAhmed, Abu Al-Hassan Mansoor
_9110269
245 _aAlif laila o laila الف لیلہ و لیلہ (Urdu) /
_cAbu Al-Hassan Mansoor Ahmed
650 _a Urdu Literature
942 _2ddc
_cBK
999 _c594415
_d594415